| 000 | 01331cam a2200349 4500 | ||
|---|---|---|---|
| 008 | 010921n2001 000 0 eng u | ||
| 020 | _a0198296010 | ||
| 035 | _a(Sirsi) u114690 | ||
| 041 | _aeng. | ||
| 050 | _a711.2 | ||
| 100 | _aDalal-Clayton, B. | ||
| 245 | _aKnowledge of the land: land resources information and its use in rural development | ||
| 260 |
_aOxford _bOxford University Press _c2001 |
||
| 300 |
_axviii,428p. _c25cm. |
||
| 350 | _a60 | ||
| 520 | _aFocuses on rural and land use planning in developing countries. Explores the conventional, mainly top-down approaches of the past, showing why they have largely failed. Goes on to look at the opportunities offered by more recent, participatory approaches, examining the key role of natural resource information in planning. | ||
| 650 |
_aLand use _96251 |
||
| 650 | _aRURAL PLANNING | ||
| 650 | _aINTERNATIONAL | ||
| 650 | _aTANZANIA | ||
| 650 | _aSUSTAINABLE DEVELOPMENT | ||
| 650 | _aENVIRONMENTAL IMPACT ASSESSMENTS | ||
| 650 | _aRURAL DEVELOPMENT | ||
| 650 | _aLAND RESOURCES INFORMATION | ||
| 650 | _aINFORMATION NEEDS | ||
| 650 | _aDEVELOPING COUNTRIES | ||
| 650 | _aPOLICY-MAKING | ||
| 650 | _aPLANNING PROCEDURE | ||
| 690 | _aENVIRONMENTAL AND LAND CONSULTANCY-PLANNING AND DEVELOPMENT | ||
| 700 | _aDent, D. | ||
| 942 | _n0 | ||
| 999 |
_c101633 _d101633 |
||